| 000 | 00381cam a22001097a 4500 | ||
|---|---|---|---|
| 008 | 180718b1966 xxu||||| |||| 00| 0 eng d | ||
| 082 | _aQ921x41 Un3p | ||
| 245 |
_aProbation hostels in Scotland : final report _cby Scottish Home And Health Department |
||
| 260 |
_aEdinburgh _bHer Majesty's Stationery Office _c1966 |
||
| 300 | _a29p. | ||
| 700 | _aU.K.Scottish Home And Health Department | ||
| 999 |
_c495858 _d495858 |
||